| 000 | 00816nab a2200253 u 4500 | ||
|---|---|---|---|
| 001 | 17594 | ||
| 003 | HDC | ||
| 007 | cr bn ---aaaaa | ||
| 008 | 210224c20070501xx dr|noo 0 a eng d | ||
| 040 | _aHDC | ||
| 100 |
_aZahed Amanullah _eauthor _916909 |
||
| 245 | 0 |
_aMarketing to Muslims / by _cZahed Amanullah |
|
| 260 |
_a[No place] : _b[publisher not identified], _c2007 |
||
| 336 |
_atext _2rdacontent |
||
| 337 |
_acomputer _2rdamedia |
||
| 338 |
_aonline resource _2rdacarrier |
||
| 650 |
_amarketing _9378 |
||
| 650 |
_aMuslim consumer _9584 |
||
| 710 | _aHalal focus | ||
| 856 | _zRequest full-text at [email protected] | ||
| 942 | _2lcc | ||
| 942 | _cNEWS | ||
| 942 | _kNWSO 005964 | ||
| 999 |
_c14910 _d14910 |
||